Malá Fatra Tiesňavy vo Vrátnej doline

Bibliographic Details
Format: Photo
Language:Slovak
PhysicalDescription:1 pohľadnica čiernobiela 14 x 9 cm
Published: [Bratislava] Tatran [medzi 1945 a 1949]
Subjects:

MARC

LEADER 00000nkm a2200000 a 4500
001 vtls011567527
003 SK-MaSNL
005 20260301135455.0
007 kf bo
008 231214q1945 xo g kuslo
015 |a SNBG 
035 |a urn:nbn:sk:snk-km00bl73 
035 |a urn:nbn:sk:snk-km3lnrb 
035 |a 703789DF-7848-4277-9BBB-BFA75797CDD4 
040 |a SNK  |b slo  |c SNK  |e AACR2 
041 0 |a slo 
043 |a e-xo--- 
044 |a xo  |c SK 
080 |a (234.372.4)  |2 2011 
080 |a (437.6)  |2 2011 
080 |a (084.121)  |2 2011 
080 |a 551.4.036(234.372.4)  |2 2011 
080 |a 913(437.6)  |2 2011 
245 0 0 |a Malá Fatra  |h grafika  |b Tiesňavy vo Vrátnej doline 
260 |a [Bratislava]  |b Tatran  |c [medzi 1945 a 1949] 
300 |a 1 pohľadnica  |b čiernobiela  |c 14 x 9 cm 
651 7 |a Tiesňavy (Slovensko)  |2 SNKPHgeo  |9 191086 
651 7 |a Vrátna dolina (Slovensko)  |2 SNKPH  |2 SNKPHgeo  |9 160644 
651 7 |a Malá Fatra (Slovensko : pohorie)  |2 SNKPHgeo  |9 56372 
655 7 |a geografické pohľadnice  |2 SNKPH  |9 70522 
852 |a Slovenská národná knižnica 
958 |a OND 
958 |a GBN 
958 |a GC 
958 |a EUIPO 
999 |c 760331  |d 762261 
952 |a SNK  |b SNK  |y PREZ  |7 0  |p 17A1195605  |o snkSP 7641  |0 0  |1 0  |4 0  |d 2016-07-15  |f 1  |l 0  |r 2026-02-24 00:02:21  |w 2026-02-24